The tonsorial recipe book for barbers and druggists; (Record no. 13117)

MARC details
000 -LEADER
fixed length control field 00562nam a22001571 4500
001 - CONTROL NUMBER
control field c 98000151
003 - CONTROL NUMBER IDENTIFIER
control field DLC
005 - DATE AND TIME OF LATEST TRANSACTION
control field 20260227111038.0
008 - FIXED-LENGTH DATA ELEMENTS--GENERAL INFORMATION
fixed length control field 801210s1898 nju 00010 eng
010 ## - LIBRARY OF CONGRESS CONTROL NUMBER
LC control number c 98000151
050 0# - LIBRARY OF CONGRESS CALL NUMBER
Classification number TT977
Item number .H22
100 10 - MAIN ENTRY--PERSONAL NAME
Personal name Hamm, Fred J.
245 04 - TITLE STATEMENT
Title The tonsorial recipe book for barbers and druggists;
Remainder of title containing formulæ and all information necessary for compounding the various preparations used by the trade ...
Statement of responsibility, etc. By Fred J. Hamm.
260 0# - PUBLICATION, DISTRIBUTION, ETC.
Place of publication, distribution, etc. Rahway, N.J.,
Name of publisher, distributor, etc. Rahway publishing company,
Date of publication, distribution, etc. 1898.
300 ## - PHYSICAL DESCRIPTION
Extent 123 p.
Dimensions 12 cm.

No items available.

Powered by Koha